| 000 -LEADER |
| fixed length control field |
00922nam a2200289Ia 4500 |
| 001 - CONTROL NUMBER |
| control field |
21351 |
| 003 - CONTROL NUMBER IDENTIFIER |
| control field |
GE_BSU |
| 005 - DATE AND TIME OF LATEST TRANSACTION |
| control field |
20211029163043.0 |
| 008 - FIXED-LENGTH DATA ELEMENTS--GENERAL INFORMATION |
| fixed length control field |
181216s2014||||inu|||||||||||||| ||eng|| |
| 020 ## - INTERNATIONAL STANDARD BOOK NUMBER |
| International Standard Book Number |
97811118289426 |
| 040 ## - CATALOGING SOURCE |
| Transcribing agency |
GE_BSU |
| 041 ## - LANGUAGE CODE |
| Language code of text/sound track or separate title |
eng |
| 080 ## - UNIVERSAL DECIMAL CLASSIFICATION NUMBER |
| Universal Decimal Classification number |
004.44 M-37 |
| 100 ## - MAIN ENTRY--PERSONAL NAME |
| Personal name |
Minasi, M. |
| 9 (RLIN) |
12757 |
| 245 ## - TITLE STATEMENT |
| Title |
Mastering Windows Server 2012 R2 / |
| Statement of responsibility, etc. |
M. Minasi, K. Greene, Ch. Booth, R.Butler and other ; Editor M. Barsolo. |
| 264 ## - PRODUCTION, PUBLICATION, DISTRIBUTION, MANUFACTURE, AND COPYRIGHT NOTICE |
| Place of production, publication, distribution, manufacture |
Indiana : |
| Name of producer, publisher, distributor, manufacturer |
Sybex, |
| Date of production, publication, distribution, manufacture, or copyright notice |
2014. |
| 300 ## - PHYSICAL DESCRIPTION |
| Extent |
1670 p. ; |
| Dimensions |
24 cm. |
| 653 ## - INDEX TERM--UNCONTROLLED |
| keyword |
Mastering Windows Server 2012 R2 |
| 653 ## - INDEX TERM--UNCONTROLLED |
| keyword |
Информационные технологии |
| 653 ## - INDEX TERM--UNCONTROLLED |
| keyword |
საინფორმაციო ტექნოლოგიები |
| 700 ## - ADDED ENTRY--PERSONAL NAME |
| Personal name |
Greene,K. |
| Relator term |
by |
| 9 (RLIN) |
12758 |
| 700 ## - ADDED ENTRY--PERSONAL NAME |
| Personal name |
Booth, Ch. |
| Relator term |
by |
| 9 (RLIN) |
12759 |
| 700 ## - ADDED ENTRY--PERSONAL NAME |
| Personal name |
Butler, R. |
| Relator term |
by |
| 9 (RLIN) |
12760 |
| 700 ## - ADDED ENTRY--PERSONAL NAME |
| Personal name |
Barsolo, M. |
| Relator term |
Editor |
| 9 (RLIN) |
12761 |
| 942 ## - ADDED ENTRY ELEMENTS (KOHA) |
| Koha item type |
წიგნი |
| Source of classification or shelving scheme |
|